000 01130cam a2200229 4500
001 WB3843-11
008 021119n2002 000 0 eng u
035 _a(Sirsi) u120500
245 _aBPF/IPD Annual lease review 2002
260 _c2002
490 _aBPF News
_v1 November 2002, (1)
520 _aThe fifth edition (2002) of the British Property Federation (BPF) / Investment Property Databank annual lease review has been published. The review draws on detailed evidence of over 88 000 tenancies. It gives a full analysis of lease lengths, break clauses, review cycles, rent free periods and income profiles. The 3 700 new leases granted in 2001/2002 are incorporated in the analysis which is available to download at http://www.bpf.propertymall.com/publications/publications_publications_summary.php?id=31 News at http://www.bpf.propertymall.com/
590 _aWB
650 _aLEASE LENGTH
650 _aINVESTMENT PROPERTY DATABANK
650 _aRENT FREE PERIODS
650 _aBPF
650 _aBREAK CLAUSES
650 _aPROPERTY-COMMERCIAL PROPERTY
690 _aLANDLORD AND TENANT-LEASES
942 _n0
999 _c71584
_d71584